000
00314nam a2200133 a 4500
008
961106s1968||||xx 0 und c
040
_a
SNK
_b
slo
_c
SNK
_e
AACR2
245
1
0
_a
Základy vedeckého komunizmu
260
_a
Bratislava
_b
VPL
_c
1968
300
_a
323 s.
020
_c
23
041
_a
slo
044
_a
xo
_c
SK
999
_c
15529
_d
15529